De Donizetti a Rubinstein: biografías
Guardat en:
| Autor principal: | |
|---|---|
| Format: | Llibre |
| Idioma: | espanyol |
| Publicat: |
La Plata
Calomino
1943
|
| Matèries: | |
| Etiquetes: |
Afegir etiqueta
Sense etiquetes, Sigues el primer a etiquetar aquest registre!
|
MARC
| LEADER | 00000nam a2200000 a 4500 | ||
|---|---|---|---|
| 001 | UCN2413 | ||
| 003 | CL-VaPUC | ||
| 005 | 20240403093423.0 | ||
| 008 | 010518e19430000AG |||||||||||||||||spa|d | ||
| 999 | |c 295515 |d 295513 | ||
| 040 | |c Pontificia Universidad Católica de Valparaíso | ||
| 082 | 0 | 4 | |a 927.8 |b CLE |2 21 |
| 100 | |a Clément, Félix |e author |9 456544 | ||
| 245 | 1 | 0 | |a De Donizetti a Rubinstein: biografías |
| 260 | |a La Plata |b Calomino |c 1943 | ||
| 300 | |a 190 p | ||
| 583 | |a last modification |c 20010518 00:00:00 |k Rodrigo Vera | ||
| 600 | 0 | 7 | |a DONIZETTI, GAETANO |2 CL-VaPUC |9 458252 |
| 600 | 0 | 7 | |a BELLINI, VINCENSO |2 CL-VaPUC |9 350153 |
| 600 | 0 | |a Berlioz, Hector Louis |9 306282 | |
| 600 | 0 | 7 | |a Mendelssohn Bartholdy, Felix, |d 1809-1847 |9 864759 |
| 600 | 0 | |a Chopin, Frederic |9 306591 | |
| 600 | 0 | 7 | |a THALBERG, SEGISMUNDO |2 CL-VaPUC |9 458253 |
| 600 | 0 | 7 | |a VERDI, GIUSEPPE |2 CL-VaPUC |9 306334 |
| 600 | 0 | 7 | |a GOUNOD, CHARLES FRANCOIS |2 CL-VaPUC |9 306592 |
| 600 | 0 | 7 | |a RUBINSTEIN, ANTON GRIGORIEVICH |2 CL-VaPUC |9 458254 |
| 600 | 0 | |a Liszt, Franz, |d 1811-1886 |9 614058 | |
| 650 | 0 | |a Compositores |9 306451 | |
| 650 | 0 | |a Músicos |9 306340 | |
| 650 | 0 | |a Biografías |9 255210 | |
| 942 | |c BK |2 ddc | ||
| 945 | |d 20010518 00:00:00 |a crobeson | ||
| 952 | |0 0 |1 0 |4 0 |6 927_800000000000000_CLE_1943 |7 0 |8 A |9 348748 |a BIBEDU |b BIBEDU |d 2019-11-20 |i 1183370 |o 927.8 CLE 1943 |p 1183370 |r 2023-01-12 |w 2019-11-20 |y BK |k MUS | ||